Deutsche Städte mit einer Berufsfeuerwehr - Statistiken

Allgemein
  • Dieses Quiz wurde 358 mal gespielt
  • Das Durchschnittsergebnis liegt bei 69 aus 114
Antwortstatistiken
Bundesland Stadt % Korrekt
Nordrhein-Westfalen Köln
92%
Berlin
91%
Bremen
89%
Bayern München
89%
Baden-Württemberg Stuttgart
89%
Nordrhein-Westfalen Dortmund
88%
Hamburg
88%
Sachsen Leipzig
88%
Sachsen Dresden
86%
Nordrhein-Westfalen Düsseldorf
85%
Hessen Frankfurt am Main
85%
Schleswig-Holstein Kiel
85%
Niedersachsen Hannover
83%
Bayern Nürnberg
83%
Thüringen Erfurt
82%
Nordrhein-Westfalen Aachen
81%
Rheinland-Pfalz Mainz
81%
Saarland Saarbrücken
81%
Nordrhein-Westfalen Bochum
80%
Nordrhein-Westfalen Essen
80%
Brandenburg Potsdam
80%
Bayern Augsburg
79%
Brandenburg Frankfurt (Oder)
79%
Bremerhaven
78%
Nordrhein-Westfalen Gelsenkirchen
78%
Mecklenburg-Vorpommern Rostock
77%
Mecklenburg-Vorpommern Schwerin
77%
Nordrhein-Westfalen Duisburg
76%
Baden-Württemberg Karlsruhe
76%
Schleswig-Holstein Lübeck
76%
Sachsen-Anhalt Magdeburg
76%
Baden-Württemberg Mannheim
76%
Hessen Wiesbaden
76%
Nordrhein-Westfalen Bielefeld
75%
Sachsen Chemnitz
75%
Schleswig-Holstein Flensburg
75%
Thüringen Jena
75%
Nordrhein-Westfalen Münster
75%
Nordrhein-Westfalen Bonn
74%
Niedersachsen Osnabrück
74%
Bayern Ingolstadt
72%
Niedersachsen Oldenburg
72%
Rheinland-Pfalz Kaiserslautern
71%
Hessen Kassel
71%
Baden-Württemberg Heidelberg
70%
Rheinland-Pfalz Koblenz
70%
Bayern Regensburg
70%
Niedersachsen Wolfsburg
69%
Nordrhein-Westfalen Wuppertal
69%
Niedersachsen Braunschweig
68%
Baden-Württemberg Freiburg im Breisgau
68%
Nordrhein-Westfalen Leverkusen
68%
Brandenburg Cottbus
67%
Thüringen Gera
67%
Hessen Darmstadt
66%
Bayern Fürth
65%
Sachsen-Anhalt Halle (Saale)
65%
Rheinland-Pfalz Trier
65%
Nordrhein-Westfalen Mönchengladbach
64%
Bayern Würzburg
64%
Nordrhein-Westfalen Hamm
63%
Nordrhein-Westfalen Oberhausen
60%
Nordrhein-Westfalen Herne
59%
Nordrhein-Westfalen Krefeld
59%
Thüringen Weimar
57%
Niedersachsen Göttingen
55%
Nordrhein-Westfalen Hagen
55%
Nordrhein-Westfalen Siegen
55%
Nordrhein-Westfalen Solingen
55%
Nordrhein-Westfalen Bottrop
54%
Mecklenburg-Vorpommern Greifswald
54%
Hessen Gießen
53%
Rheinland-Pfalz Ludwigshafen am Rhein
53%
Sachsen Zwickau
53%
Nordrhein-Westfalen Bergisch Gladbach
52%
Niedersachsen Hildesheim
52%
Hessen Hanau
51%
Hessen Offenbach am Main
51%
Brandenburg Brandenburg an der Havel
48%
Sachsen Görlitz
48%
Baden-Württemberg Heilbronn
47%
Mecklenburg-Vorpommern Stralsund
47%
Rheinland-Pfalz Worms
47%
Nordrhein-Westfalen Gütersloh
46%
Mecklenburg-Vorpommern Neubrandenburg
46%
Baden-Württemberg Pforzheim
46%
Mecklenburg-Vorpommern Wismar
46%
Thüringen Eisenach
45%
Baden-Württemberg Reutlingen
45%
Schleswig-Holstein Neumünster
44%
Niedersachsen Wilhelmshaven
44%
Nordrhein-Westfalen Mülheim an der Ruhr
43%
Nordrhein-Westfalen Remscheid
43%
Sachsen Bautzen
42%
Niedersachsen Salzgitter
42%
Thüringen Gotha
41%
Nordrhein-Westfalen Iserlohn
40%
Baden-Württemberg Baden-Baden
38%
Sachsen-Anhalt Dessau-Roßlau
38%
Sachsen Plauen
38%
Niedersachsen Delmenhorst
36%
Thüringen Suhl
36%
Nordrhein-Westfalen Witten
36%
Niedersachsen Cuxhaven
35%
Thüringen Nordhausen
33%
Nordrhein-Westfalen Minden
30%
Schleswig-Holstein Norderstedt
28%
Nordrhein-Westfalen Ratingen
27%
Brandenburg Eberswalde
24%
Thüringen Altenburg
23%
Nordrhein-Westfalen Lünen
21%
Thüringen Mühlhausen
20%
Sachsen Hoyerswerda
18%
Nordrhein-Westfalen Herten
15%
Keine übereinstimmenden Quizze gefunden
Verteilung der Resultate
Anzahl Personen mit jedem Resultat
Perzentil nach korrekt beantworteten Fragen
Ihre Resultats-Entwicklung
Sie haben dieses Quiz noch nicht gespielt